000 00884nam a22002777a 4500
001 BR7901455
003 BR-BrBNA
005 20230928085948.0
007 ta
008 230509b bl.||||| |||| 00| 0 por d
040 _aBR-BrBNA
_bpor
_cBiblioteca Nacional de Agricultura
041 _a(Por)
072 _aE30; E70
_b/G514
090 _ E30 BR7901455
110 1 _aSecretaria Nacional de Planejamento Agricola, Brasilia, DF (Brasil)
_99209
245 1 _aDesempenho do setor agropecuario. Retrospectiva 1974-1979 [desenvolvimento agricola, doenca animal, defesa vegetal, abastecimento, Brasil]
260 3 _aBrasilia, DF (Brasil):
_c1979.
300 _a84 p.
650 _aDESENVOLVIMENTO AGRICOLA
650 _aCOMERCIALIZACAO
650 _aABASTECIMENTO
650 _aDOENCA ANIMAL
650 _aDEFESA VEGETAL
909 _a202309
_bLucia
_c55
_dLucia Elande
942 _cBK
999 _c27197
_d27197